Компанія з пивниці біля Чуднівського мосту (Запис № 580623)

МАРК-запис
000 -Лідер
fixed length control field 01329 a2200265 4500
001 - Контрольний номер
control field 2162214035926770
003 - Ідентифікатор контрольного номера
control field UA-OsUOA
005 - Дата та час останнього входження (трансакції)
control field 20260504115647.0
008 - Елементи даних фіксованої довжини – загальна інформація
fixed length control field 260430b un a|||| |||| 00| f ukr d
020 ## - Міжнародний стандартний книжковий номер (ISBN)
Міжнародний стандартний книжковий номер (ISBN) (НП) 5774511294
040 ## - Джерело каталогізації
Агенція оригінальної каталогізації UA-OsUOA
Мова каталогізації ukr
Агенція, яка здійснювала перезапис UA-OsUOA
Агенція, яка здійснювала модифікацію UA-OsUOA
041 ## - Код мови
Код мови тексту/ звукової доріжки чи окремого заголовка (П) ukr
080 ## - Індекс Універсальної десяткової класифікації
Індекс Універсальної десяткової класифікації (УДК) (НП) 821.161.2
090 ## - Локальний шифр розміщення
Класифікаційний індекс УДК 821.161.2
Авторський знак (НП) Ш37
100 ## - Основне введення – ім’я особи
Ім’я особи (НП) Шевчук В.
9 (RLIN) 25139
245 ## - Відомості про назву
Назва (НП) Компанія з пивниці біля Чуднівського мосту
Решта назви (НП) повість
Дані про відповідальність (НП) Валерій Шевчук
260 ## - Публікація, розповсюдження і т.п. (Вихідні дані)
Місце публікації, розповсюдження і т.п. (П) Львів
Ім’я/ наймення видавництва, розповсюджувача і т.п. (П) Каменяр
Дата публікації, розповсюдження і т.п. (П) 2006
300 ## - Фізичний опис
Обсяг 94 с.
490 ## - Область серії
Назва серії Серія "Повісті"
520 ## - Резюме і т.п.
Резюме, реферат, анотація, тощо (НП) Повість відомого українського письменника на прикладі невеличкого містечка відтворює тяжку атмосферу 40–50-х рр. ХХ ст. Головних її персонажів – а це п’ятеро чоловіків – об’єднують дві речі: пивниця біля Чуднівського мосту і страх – страх епохи.
650 ## - Додаткове предметне введення – тематичний термін
Тематичний термін чи географічна назва, як елемент введення (НП) 82 Література. Літературознавство
9 (RLIN) 15
942 ## - Додаткові елементи входу (Коха)
Тип елемента Koha Книги
Source of classification or shelving scheme Universal Decimal Classification
955 ## - Код типу видання за змістом
Код типу видання за змістом (НП) Літературно-художні видання
Фонди
Стан вилучень Стан втрат Джерело класифікації або схеми стелажів Стан уражень Не для кредиту Код колекції Постійне місце розташування Поточне розміщення Дата придбання Джерело придбання Вартість, звичайна ціна покупки Інвентарний номер Усього замовленно Повний номер виклику Штрих-код Дата останнього перегляду Вартість, ціна заміни Ціна ефективна від Тип елемента Koha
    Universal Decimal Classification     Колекція Шевчука Валерія АБ - Абонемент НБ АБ - Абонемент НБ 28/04/2026 Акт №24/28.04.2026 25.00 169888   821.161.2 Ш37 169888 30/04/2026 25.00 30/04/2026 Книги